Kríp taveniny polyetylénu. Creep of polyethylene melt : Dizertačná práca na získanie vedeckej hodnosti PhD

Enregistré dans:
Détails bibliographiques
Auteur principal: Árendás, Peter (Auteur)
Autres auteurs: Kozík, Tomáš (Directeur de thèse)
Format: Manuscrit Livre
Langue:slovaque
Publié: Trnava : STU v Bratislave MTF, 2005
Sujets:
Tags: Ajouter un tag
Pas de tags, Soyez le premier à ajouter un tag!

MARC

LEADER 00000ntm a22000003a 4500
001 stu116305
005 20160719155413.2
008 060419s2005----xo------------------slo-d
040 |a STU  |b slo 
041 0 |a slo 
044 |a xo 
100 1 |a Árendás, Peter  |4 aut 
245 1 |a Kríp taveniny polyetylénu. Creep of polyethylene melt :  |b Dizertačná práca na získanie vedeckej hodnosti PhD 
260 |a Trnava :  |b STU v Bratislave MTF,  |c 2005 
300 |a 112 s  |c príl (autoreferát, 1 CD-ROM) 
500 |a Vedný odbor: 39-03-9 Materiálové inžinierstvo a medzné stavy materiálov 
650 7 |a vysokohustotný polyetylén  |2 stusub 
650 7 |a prestup tepla  |2 stusub 
650 7 |a teplotné polia  |2 stusub 
650 7 |a kríp taveniny  |2 stusub 
650 7 |a krípové modely  |2 stusub 
700 1 |a Kozík, Tomáš  |4 ths 
996 |b 284M072853  |c M*DzP-34  |l MMSKP  |s P  |a 0  |w stu116305_0001